[Event "Znojmo op-A"]
[Site "Znojmo"]
[Date "1997.??.??"]
[Round "?"]
[White "Prenosil, Jiri"]
[Black "Martinec, Karel"]
[Result "1-0"]
[WhiteElo "1945"]
[BlackElo "1960"]
[PlyCount "107"]
[EventDate "1997.??.??"]
[Source "ChessBase"]
[SourceDate "1997.11.17"]

1. e4 e5 2. Nc3 Nf6 3. Nf3 Nc6 4. d4 exd4 5. Nxd4 d6 6. Bb5 Bd7 7. O-O Be7 8.
Nxc6 bxc6 9. Bd3 O-O 10. b3 d5 11. h3 Bb4 12. Bb2 Bxc3 13. Bxc3 Nxe4 14. Bxe4
dxe4 15. Qd4 Qf6 16. Qxf6 gxf6 17. Rad1 Bf5 18. Bxf6 h5 19. c4 Kh7 20. Kh2 Kg6
21. Be5 Rac8 22. Rfe1 Rfe8 23. Bf4 f6 24. Rd4 Red8 25. Red1 Rxd4 26. Rxd4 Re8
27. c5 a6 28. Kg1 Re7 29. Rd8 Rd7 30. Ra8 e3 31. Bxe3 Bd3 32. Rh8 Bb1 33. Rh6+
Kf7 34. Rxh5 Bxa2 35. Rh7+ Ke6 36. Rxd7 Kxd7 37. b4 Bf7 38. Bf4 f5 39. f3 Ke6
40. Kf2 Kf6 41. Bxc7 Bc4 42. g4 fxg4 43. hxg4 Kg6 44. Kg3 Bd3 45. f4 Be2 46.
f5+ Kf6 47. Kf4 Bd3 48. g5+ Kf7 49. g6+ Kg7 50. Kg5 Kg8 51. f6 Bc4 52. f7+ Kg7
53. Be5+ Kf8 54. Bd6+ 1-0

[Event "Znojmo op-A"]
[Site "Znojmo"]
[Date "1997.??.??"]
[Round "?"]
[White "Prenosil, Jiri"]
[Black "Tomes, Zdenek"]
[Result "1-0"]
[WhiteElo "1945"]
[BlackElo "1890"]
[PlyCount "65"]
[EventDate "1997.??.??"]
[Source "ChessBase"]
[SourceDate "1997.11.17"]

1. Nf3 Nf6 2. c4 d6 3. d4 g6 4. Nc3 Bg7 5. g3 O-O 6. Bg2 Nbd7 7. O-O e5 8. e4
c6 9. dxe5 dxe5 10. Qc2 Qe7 11. h3 Nc5 12. b3 Ncxe4 13. Nxe4 Nxe4 14. Qxe4 f5
15. Qh4 Qe8 16. Bh6 e4 17. Bxg7 Kxg7 18. Rfe1 h6 19. Qf4 g5 20. Qe5+ Qxe5 21.
Nxe5 Kf6 22. f4 gxf4 23. gxf4 Rg8 24. Kh2 Be6 25. Rad1 Rg7 26. Re2 Rag8 27.
Rde1 Ke7 28. Nf3 Bf7 29. Nh4 Ke6 30. Rd2 Bh5 31. Bf3 Be8 32. c5 Bf7 33. Rd6+
1-0

[Event "Znojmo op-A"]
[Site "Znojmo"]
[Date "1997.??.??"]
[Round "?"]
[White "Prenosil, Jiri"]
[Black "Vesely, Martin"]
[Result "1/2-1/2"]
[WhiteElo "1945"]
[BlackElo "1860"]
[PlyCount "64"]
[EventDate "1997.??.??"]
[Source "ChessBase"]
[SourceDate "1997.11.17"]

1. e4 c6 2. g3 d5 3. e5 Bf5 4. Bg2 Na6 5. Ne2 Qc7 6. c3 Nc5 7. Nf4 Nd3+ 8. Nxd3
Bxd3 9. f4 e6 10. Qf3 Be4 11. Qe2 Bxg2 12. Qxg2 Ne7 13. d3 Nf5 14. g4 Nh4 15.
Qf2 Be7 16. Be3 Ng6 17. h4 h5 18. g5 b6 19. O-O Bd8 20. Nd2 Ne7 21. Nf3 O-O 22.
Nd4 g6 23. Ne2 Nf5 24. Nd4 Ng7 25. Ne2 Be7 26. Ng3 Rfc8 27. Qc2 Qb7 28. Kf2 c5
29. c4 b5 30. b3 Rab8 31. Rab1 Qa6 32. Bd2 b4 1/2-1/2

[Event "Znojmo op-A"]
[Site "Znojmo"]
[Date "1997.??.??"]
[Round "?"]
[White "Skaroupka, Jiri"]
[Black "Jandovsky, Viktor"]
[Result "1-0"]
[WhiteElo "2105"]
[BlackElo "2150"]
[PlyCount "59"]
[EventDate "1997.??.??"]
[Source "ChessBase"]
[SourceDate "1997.11.17"]

1. c4 e5 2. Nc3 Nf6 3. Nf3 Nc6 4. e4 Bb4 5. d3 d6 6. h3 h6 7. g3 a5 8. Bg2 Be6
9. O-O Bxc3 10. bxc3 O-O 11. Nh4 Nh7 12. Nf5 Qf6 13. g4 Ne7 14. Rb1 b6 15. f4
exf4 16. Bxf4 Rad8 17. Nd4 Bd7 18. Qe2 Rfe8 19. e5 dxe5 20. Bxe5 Qg6 21. Qf2 c5
22. Rxb6 f6 23. Nf5 Ng5 24. Nxg7 Qxg7 25. Bxf6 Qf7 26. Qxc5 Rc8 27. Qd6 Rc6 28.
Rxc6 Bxc6 29. Bxg5 Qg6 30. Qe5 1-0

[Event "Znojmo op-A"]
[Site "Znojmo"]
[Date "1997.??.??"]
[Round "?"]
[White "Skaroupka, Jiri"]
[Black "Krouzel, Jaroslav"]
[Result "1/2-1/2"]
[WhiteElo "2105"]
[BlackElo "2315"]
[PlyCount "31"]
[EventDate "1997.??.??"]
[Source "ChessBase"]
[SourceDate "1997.11.17"]

1. e4 e6 2. d4 d5 3. e5 c5 4. Nf3 cxd4 5. Bd3 Nc6 6. O-O Bc5 7. Nbd2 Nge7 8.
Nb3 Bb6 9. Bf4 h6 10. Re1 Bd7 11. Qd2 a5 12. a4 Rc8 13. g4 Nb4 14. Nbxd4 Nxd3
15. cxd3 Ng6 16. Bg3 1/2-1/2

[Event "Znojmo op-A"]
[Site "Znojmo"]
[Date "1997.??.??"]
[Round "?"]
[White "Skaroupka, Jiri"]
[Black "Tomes, Pavel"]
[Result "1-0"]
[WhiteElo "2105"]
[BlackElo "1920"]
[PlyCount "103"]
[EventDate "1997.??.??"]
[Source "ChessBase"]
[SourceDate "1997.11.17"]

1. e4 c5 2. Nf3 d6 3. d4 cxd4 4. Nxd4 Nf6 5. Nc3 g6 6. Be3 Bg7 7. f3 O-O 8. Qd2
Nc6 9. Bc4 Bd7 10. O-O-O Ne5 11. Bb3 Qa5 12. h4 Rfc8 13. h5 Nxh5 14. Kb1 Nf6
15. g4 Rxc3 16. Qxc3 Qxc3 17. bxc3 Rc8 18. Kb2 a5 19. a3 a4 20. Ba2 Be8 21. Bh6
Bh8 22. Bg5 Bd7 23. Bd2 Nc4+ 24. Bxc4 Rxc4 25. Be3 Bc8 26. Ne2 Nd7 27. Bd4 Ne5
28. Bxe5 Bxe5 29. Nd4 Bg7 30. g5 Rc5 31. Rdg1 f6 32. gxf6 Bxf6 33. f4 Kg7 34.
Rg3 e5 35. fxe5 Rxe5 36. Rd3 d5 37. exd5 Rxd5 38. Re1 Bd7 39. Ne6+ Bxe6 40.
Rxe6 Rxd3 41. cxd3 h5 42. Kc2 h4 43. Kd2 g5 44. d4 Kf7 45. Re1 Be7 46. Kd3 Bxa3
47. Rb1 h3 48. Rxb7+ Be7 49. Ke4 g4 50. Kf4 h2 51. Rb1 a3 52. Kg3 1-0

[Event "Znojmo op-A"]
[Site "Znojmo"]
[Date "1997.??.??"]
[Round "?"]
[White "Skaroupka, Jiri"]
[Black "Zdenek, Petr"]
[Result "1/2-1/2"]
[WhiteElo "2105"]
[BlackElo "2145"]
[PlyCount "23"]
[EventDate "1997.??.??"]
[Source "ChessBase"]
[SourceDate "1997.11.17"]

1. Nf3 c5 2. c4 Nc6 3. Nc3 g6 4. g3 Bg7 5. Bg2 e5 6. O-O Nge7 7. d3 d6 8. Bd2
Rb8 9. Qc1 O-O 10. Bh6 f6 11. Bxg7 Kxg7 12. e3 1/2-1/2

[Event "Znojmo op-A"]
[Site "Znojmo"]
[Date "1997.??.??"]
[Round "?"]
[White "Talpa, Pavel"]
[Black "Amerling, Miroslav"]
[Result "1/2-1/2"]
[WhiteElo "1825"]
[BlackElo "2005"]
[PlyCount "30"]
[EventDate "1997.??.??"]
[Source "ChessBase"]
[SourceDate "1997.11.17"]

1. d4 Nf6 2. g3 g6 3. Bg2 Bg7 4. Nf3 O-O 5. O-O c6 6. Nbd2 d6 7. c4 Nbd7 8. Qc2
Rb8 9. b3 b5 10. Bb2 a5 11. e4 c5 12. d5 bxc4 13. Nxc4 Ba6 14. Rfe1 Bxc4 15.
Qxc4 Rb4 1/2-1/2

[Event "Znojmo op-A"]
[Site "Znojmo"]
[Date "1997.??.??"]
[Round "?"]
[White "Talpa, Pavel"]
[Black "Balsinek, Pavel"]
[Result "0-1"]
[WhiteElo "1825"]
[BlackElo "1885"]
[PlyCount "68"]
[EventDate "1997.??.??"]
[Source "ChessBase"]
[SourceDate "1997.11.17"]

1. Nf3 Nf6 2. b3 g6 3. Bb2 Bg7 4. g3 O-O 5. Bg2 c5 6. d3 d6 7. O-O Nc6 8. Nbd2
e5 9. Nc4 Qe7 10. e4 Ne8 11. Ne3 Nc7 12. a4 f5 13. exf5 gxf5 14. Nd2 f4 15. Nd5
Nxd5 16. Bxd5+ Be6 17. Bg2 Rf6 18. Nf3 Raf8 19. Ng5 f3 20. Bh1 Bh6 21. Bc1 Nd4
22. h4 Ne2+ 23. Kh2 Nxc1 24. Qxc1 Rf5 25. Qe3 Bd5 26. c4 Bc6 27. b4 b6 28. d4
cxd4 29. Qb3 Bxg5 30. c5+ Kh8 31. b5 Be4 32. cxd6 Qxd6 33. hxg5 Rxg5 34. g4
Qh6+ 0-1

[Event "Znojmo op-A"]
[Site "Znojmo"]
[Date "1997.??.??"]
[Round "?"]
[White "Talpa, Pavel"]
[Black "Dvorak, Tomas"]
[Result "1-0"]
[WhiteElo "1825"]
[BlackElo "1925"]
[PlyCount "69"]
[EventDate "1997.??.??"]
[Source "ChessBase"]
[SourceDate "1997.11.17"]

1. Nf3 Nf6 2. g3 d5 3. Bg2 Bg4 4. O-O g6 5. h3 Bxf3 6. Bxf3 Bg7 7. c4 c6 8. Qb3
Qd7 9. Bg2 dxc4 10. Qxc4 O-O 11. Nc3 Na6 12. d3 Nc7 13. Bd2 Rac8 14. Qa4 a6 15.
Qc2 Ncd5 16. Na4 Qc7 17. Qb3 e5 18. Nc5 Nd7 19. Ne4 N7f6 20. Nc5 Qe7 21. Rac1
Rb8 22. Bg5 Rfd8 23. Rfd1 h6 24. Bd2 Rdc8 25. a4 Nd7 26. Ne4 Kh7 27. Nc3 Nxc3
28. Bxc3 f5 29. Bb4 Qf6 30. e3 Bf8 31. Bc3 Re8 32. d4 e4 33. d5 Qf7 34. Qc4 Nb6
35. Qd4 1-0

[Event "Znojmo op-A"]
[Site "Znojmo"]
[Date "1997.??.??"]
[Round "?"]
[White "Talpa, Pavel"]
[Black "Fuchs, Ludek"]
[Result "1-0"]
[WhiteElo "1825"]
[BlackElo "1840"]
[PlyCount "91"]
[EventDate "1997.??.??"]
[Source "ChessBase"]
[SourceDate "1997.11.17"]

1. d4 d5 2. e3 Nf6 3. Bd3 e6 4. f4 c5 5. c3 Nc6 6. Nf3 Bd6 7. O-O O-O 8. Ne5
Ne4 9. Nd2 f5 10. Ndf3 Nxe5 11. dxe5 Be7 12. c4 b6 13. Qa4 Bb7 14. Bd2 dxc4 15.
Qxc4 Bd5 16. Qc2 Qc7 17. Bc4 Rfd8 18. Rfd1 Qc6 19. Be2 Rd7 20. a4 Rad8 21. Bb5
Qb7 22. Be1 Rc7 23. b3 a6 24. Be2 g5 25. Bc4 Rcd7 26. Bxd5 Rxd5 27. Rxd5 Qxd5
28. Qc4 g4 29. Nh4 Qxc4 30. bxc4 Rd3 31. Rb1 Rxe3 32. g3 Ra3 33. Rxb6 Rxa4 34.
Rxe6 Bxh4 35. gxh4 Ra1 36. Kf1 a5 37. Ra6 Nd2+ 38. Ke2 Nxc4 39. e6 Ra3 40. Bf2
Ra2+ 41. Kf1 Nb2 42. Rd6 Ra3 43. Ke2 Rc3 44. Rd8+ Kg7 45. e7 Rc2+ 46. Kf1 1-0

[Event "Znojmo op-A"]
[Site "Znojmo"]
[Date "1997.??.??"]
[Round "?"]
[White "Tomes, Pavel"]
[Black "Amerling, Miroslav"]
[Result "0-1"]
[WhiteElo "1920"]
[BlackElo "2005"]
[PlyCount "94"]
[EventDate "1997.??.??"]
[Source "ChessBase"]
[SourceDate "1997.11.17"]

1. e4 c5 2. Nf3 Nc6 3. d4 cxd4 4. Nxd4 Nf6 5. Nc3 e5 6. Ndb5 d6 7. Bg5 a6 8.
Na3 b5 9. Bxf6 gxf6 10. Nd5 f5 11. Bxb5 axb5 12. Nxb5 Ra7 13. Nxa7 Nxa7 14. O-O
Nb5 15. a4 Nc7 16. b4 Rg8 17. b5 fxe4 18. Nxc7+ Qxc7 19. a5 Qa7 20. Qe2 Bh6 21.
Rfb1 Ke7 22. Qc4 e3 23. b6 exf2+ 24. Kxf2 Qb7 25. g3 Qd7 26. Qc7 Qxc7 27. bxc7
Kd7 28. Rb4 Bd2 29. Rh4 Bc3 30. Ra3 Bd4+ 31. Kf3 Kxc7 32. Rxh7 Be6 33. Rh4 Bc5
34. Raa4 d5 35. Ke2 d4 36. Ra1 Bc4+ 37. Kd2 Bb4+ 38. Kd1 Bc3 39. Ra3 Ba6 40.
Rb3 Bxa5 41. Ra3 Kb6 42. Rf3 Kc5 43. Rxf7 Rb8 44. Kc1 Bc3 45. Ra7 Bb5 46. Rhh7
e4 47. Rh5+ Kc4 0-1

[Event "Znojmo op-A"]
[Site "Znojmo"]
[Date "1997.??.??"]
[Round "?"]
[White "Tomes, Pavel"]
[Black "Molik, Zdenek"]
[Result "0-1"]
[WhiteElo "1920"]
[BlackElo "2075"]
[PlyCount "40"]
[EventDate "1997.??.??"]
[Source "ChessBase"]
[SourceDate "1997.11.17"]

1. e4 e6 2. d4 c5 3. Nf3 cxd4 4. Nxd4 Nf6 5. Nc3 Nc6 6. Ndb5 Bb4 7. Nd6+ Ke7 8.
Bf4 e5 9. Nf5+ Kf8 10. Bg5 d5 11. exd5 Qxd5 12. Bxf6 Qxd1+ 13. Rxd1 Bxf5 14.
Bg5 Nd4 15. Bd3 Nxc2+ 16. Bxc2 Bxc2 17. Rd2 Bf5 18. O-O f6 19. Rfd1 Bxc3 20.
bxc3 fxg5 0-1

[Event "Znojmo op-A"]
[Site "Znojmo"]
[Date "1997.??.??"]
[Round "?"]
[White "Tomes, Pavel"]
[Black "Nekula, Richard"]
[Result "1-0"]
[WhiteElo "1920"]
[BlackElo "2020"]
[PlyCount "134"]
[EventDate "1997.??.??"]
[Source "ChessBase"]
[SourceDate "1997.11.17"]

1. e4 c5 2. Nf3 Nc6 3. d4 cxd4 4. Nxd4 e5 5. Nb5 d6 6. N1c3 a6 7. Na3 Nf6 8.
Bg5 Be7 9. Bxf6 gxf6 10. Nd5 b5 11. c4 b4 12. Nc2 Qa5 13. Qd2 Rb8 14. b3 Be6
15. Nce3 Rg8 16. Rd1 Nd4 17. f4 Qc5 18. Bd3 Bh3 19. Qf2 Bg4 20. Nxg4 Rxg4 21.
O-O exf4 22. Kh1 Ne6 23. Qd2 Rg5 24. Be2 Kd7 25. Bf3 a5 26. Qb2 Rg6 27. Bh5 Rh6
28. Bxf7 Ng5 29. Nxe7 Kxe7 30. Bd5 Qe3 31. Qf2 Qxf2 32. Rxf2 f3 33. gxf3 Rg6
34. Rd3 Nh3 35. Rf1 Nf4 36. Rdd1 Nh3 37. Rd3 Nf4 38. Re3 h5 39. Rg1 Rh8 40.
Rxg6 Nxg6 41. Re1 Nh4 42. Rf1 Rh7 43. Rg1 Nxf3 44. Rg8 Nh4 45. Kg1 f5 46. exf5
Nxf5 47. Ra8 Kf6 48. Rxa5 h4 49. Kf2 Re7 50. Bf3 Kg5 51. Rb5 Kf4 52. Rxb4 Nd4
53. Bd1 Ke4 54. Rb8 Rf7+ 55. Kg2 Kf4 56. Rg8 Nf5 57. Kf2 Ne3 58. Bh5 Rf5 59.
Bf3 Re5 60. a4 Re7 61. a5 Ra7 62. Rf8+ Nf5 63. b4 Ke5 64. Be2 Nd4 65. Re8+ Kf4
66. Bd3 Nc6 67. Re4+ Kg5 1-0

[Event "Znojmo op-A"]
[Site "Znojmo"]
[Date "1997.??.??"]
[Round "?"]
[White "Tomes, Pavel"]
[Black "Petlak, Josef"]
[Result "1-0"]
[WhiteElo "1920"]
[BlackElo "2095"]
[PlyCount "77"]
[EventDate "1997.??.??"]
[Source "ChessBase"]
[SourceDate "1997.11.17"]

1. e4 e6 2. d4 d5 3. e5 b6 4. f4 g6 5. Nf3 Be7 6. Bd3 a5 7. c3 h5 8. Ng5 Kf8 9.
O-O Nh6 10. Nd2 c5 11. Ndf3 Kg7 12. Be3 Ba6 13. Nh4 Bxd3 14. Qxd3 c4 15. Qc2
Nf5 16. Nxf5+ exf5 17. b3 Bxg5 18. fxg5 Qc7 19. Bf4 Qc6 20. e6 Re8 21. exf7
Kxf7 22. bxc4 Qxc4 23. Bxb8 Raxb8 24. Rxf5+ gxf5 25. Qxf5+ Ke7 26. Re1+ Kd8 27.
Qf6+ Kc7 28. Qf7+ Kd6 29. Rxe8 Rxe8 30. Qxe8 Qxc3 31. Qd8+ Ke6 32. Qxb6+ Kd7
33. Qb5+ Ke6 34. Qe8+ Kd6 35. Qe5+ Kc6 36. Qe6+ Kc7 37. Qe7+ Kb8 38. Qd6+ Ka8
39. Qxd5+ 1-0

[Event "Znojmo op-A"]
[Site "Znojmo"]
[Date "1997.??.??"]
[Round "?"]
[White "Tomes, Pavel"]
[Black "Zboril, Tomas"]
[Result "1/2-1/2"]
[WhiteElo "1920"]
[BlackElo "1965"]
[PlyCount "20"]
[EventDate "1997.??.??"]
[Source "ChessBase"]
[SourceDate "1997.11.17"]

1. e4 c6 2. d4 d5 3. Nc3 dxe4 4. Nxe4 Nd7 5. Nf3 Ngf6 6. Ng3 e6 7. Bd3 c5 8.
O-O Be7 9. Qe2 O-O 10. c3 b6 1/2-1/2

[Event "Znojmo op-A"]
[Site "Znojmo"]
[Date "1997.??.??"]
[Round "?"]
[White "Tomes, Zdenek"]
[Black "Jandovsky, Viktor"]
[Result "1/2-1/2"]
[WhiteElo "1890"]
[BlackElo "2150"]
[PlyCount "76"]
[EventDate "1997.??.??"]
[Source "ChessBase"]
[SourceDate "1997.11.17"]

1. e4 c5 2. Nf3 Nc6 3. d4 cxd4 4. Nxd4 Nf6 5. Nc3 d6 6. Bg5 e6 7. Qd2 a6 8.
O-O-O h6 9. Be3 Be7 10. f4 Nxd4 11. Bxd4 b5 12. e5 dxe5 13. fxe5 Nd5 14. Ne4
O-O 15. Bd3 Bb7 16. Rhf1 Bg5 17. Nxg5 Qxg5 18. Qxg5 hxg5 19. Be4 Rac8 20. Rf2
Rc7 21. Bf3 Rfc8 22. Kb1 Ne7 23. Bxb7 Rxb7 24. Be3 g4 25. Rfd2 Nd5 26. Bg1 Rc4
27. Rd4 Rbc7 28. Rxc4 Rxc4 29. Rd4 Rxd4 30. Bxd4 Nf4 31. g3 Nd5 32. b3 f5 33.
c4 bxc4 34. bxc4 Nb4 35. Bc3 Nc6 36. Kc2 Kf7 37. Kd3 g5 38. Ke3 Kg6 1/2-1/2

[Event "Znojmo op-A"]
[Site "Znojmo"]
[Date "1997.??.??"]
[Round "?"]
[White "Tomes, Zdenek"]
[Black "Molik, Zdenek"]
[Result "0-1"]
[WhiteElo "1890"]
[BlackElo "2075"]
[PlyCount "144"]
[EventDate "1997.??.??"]
[Source "ChessBase"]
[SourceDate "1997.11.17"]

1. e4 d5 2. exd5 Nf6 3. d4 Qxd5 4. Nf3 Bg4 5. Be2 e6 6. O-O Qd8 7. c4 Bd6 8.
Nc3 O-O 9. Qb3 Qc8 10. Bg5 Nbd7 11. Rfd1 c6 12. h3 Bh5 13. g4 Bg6 14. Nh4 Qc7
15. Nxg6 hxg6 16. Rd3 e5 17. Rad1 exd4 18. Rxd4 Bc5 19. Bf4 Ne5 20. R4d2 Nf3+
21. Bxf3 Qxf4 22. Kg2 Bb6 23. Ne2 Qe5 24. Ng3 Rfe8 25. Qc2 Nh7 26. Rd7 Ng5 27.
Rxb7 Re6 28. Rd3 Rf6 29. b4 Ne6 30. Kh2 Nd4 31. Qd1 Rd8 32. Kg2 Kh7 33. Be4 Ne6
34. c5 Nf4+ 35. Kg1 Nxd3 36. Bxd3 Bc7 37. Qf1 Qf4 38. Be2 Be5 39. Re7 Bd4 40.
Ne4 Re6 41. Rxe6 fxe6 42. Qg2 Rf8 43. h4 Qc1+ 44. Kh2 Be5+ 45. Kh3 Rf4 46. Ng5+
Kh6 47. Bf3 Qc3 48. a4 Rxb4 49. Nxe6 Rb3 50. g5+ Kh7 51. Nf8+ Kg8 52. Nxg6
Qxf3+ 53. Qxf3 Rxf3+ 54. Kg4 Ra3 55. Nxe5 Rxa4+ 56. f4 Ra1 57. Nxc6 a5 58. Kf3
a4 59. Ke4 a3 60. Nb4 Rb1 61. Na2 Rb2 62. Nc3 a2 63. Nxa2 Rxa2 64. c6 Kf7 65.
Ke5 Ke7 66. h5 Ra5+ 67. Ke4 Rc5 68. c7 Rxc7 69. Kf5 Kf7 70. g6+ Ke7 71. Kg5 Rc1
72. Kf5 Rg1 0-1

[Event "Znojmo op-A"]
[Site "Znojmo"]
[Date "1997.??.??"]
[Round "?"]
[White "Tomes, Zdenek"]
[Black "Obrdlik, Rostislav"]
[Result "1/2-1/2"]
[WhiteElo "1890"]
[BlackElo "1970"]
[PlyCount "80"]
[EventDate "1997.??.??"]
[Source "ChessBase"]
[SourceDate "1997.11.17"]

1. e4 e6 2. d4 d5 3. e5 c5 4. c3 Nc6 5. Nf3 cxd4 6. cxd4 f6 7. exf6 Nxf6 8. Bd3
Qc7 9. Nc3 a6 10. O-O Bd6 11. Bg5 Bd7 12. a3 O-O 13. Rc1 Bf4 14. Bxf4 Qxf4 15.
Bb1 Rae8 16. Qd3 g6 17. Ba2 Ne4 18. Rce1 Nf6 19. Re2 Kg7 20. Rd1 Ng4 21. h3 Nh6
22. Qd2 Qd6 23. Na4 Rf4 24. Nc5 Bc8 25. Nd3 Rxf3 26. gxf3 Nxd4 27. Qe3 e5 28.
Qxd4 exd4 29. Rxe8 Bf5 30. Nb4 Qf4 31. Bxd5 Qg5+ 32. Kf1 Bxh3+ 33. Ke2 a5 34.
Rxd4 axb4 35. Bc4 Qc5 36. Rde4 Nf5 37. axb4 Nd4+ 38. Ke3 Nf5+ 39. Ke2 Nd4+ 40.
Ke3 Nf5+ 1/2-1/2

[Event "Znojmo op-A"]
[Site "Znojmo"]
[Date "1997.??.??"]
[Round "?"]
[White "Tomes, Zdenek"]
[Black "Vesely, Martin"]
[Result "1-0"]
[WhiteElo "1890"]
[BlackElo "1860"]
[PlyCount "109"]
[EventDate "1997.??.??"]
[Source "ChessBase"]
[SourceDate "1997.11.17"]

1. e4 e5 2. Nc3 Nc6 3. f4 exf4 4. Nf3 g5 5. d4 g4 6. Bc4 gxf3 7. O-O Bh6 8.
Qxf3 Qf6 9. e5 Qg6 10. Nb5 Kd8 11. e6 a6 12. exf7 Nf6 13. Nxc7 Kxc7 14. Bxf4+
Bxf4 15. Qxf4+ d6 16. Qxf6 Qxf6 17. Rxf6 Bg4 18. c3 Rhf8 19. h3 Bh5 20. g4 Bg6
21. h4 Be4 22. Be6 Nd8 23. d5 Kb6 24. Re1 Bd3 25. h5 Kc5 26. b3 b5 27. g5 a5
28. Re3 Bb1 29. a3 b4 30. cxb4+ axb4 31. a4 Kd4 32. Rg3 Ke5 33. Rf1 Be4 34. g6
hxg6 35. hxg6 Bxd5 36. g7 Nxf7 37. gxf8=Q Rxf8 38. Bxd5 Kxd5 39. Rgf3 Ke6 40.
R1f2 Rg8+ 41. Rg2 Ne5 42. Rf4 Rxg2+ 43. Kxg2 Nc6 44. Kf3 d5 45. Ke3 Ke5 46. Rh4
Kd6 47. Kd3 Kc5 48. Rh8 Na5 49. Rc8+ Kb6 50. Rb8+ Nb7 51. Kd4 Kc6 52. Rxb7 Kxb7
53. Kxd5 Kb6 54. Kc4 Ka5 55. Kc5 1-0

[Event "Znojmo op-A"]
[Site "Znojmo"]
[Date "1997.??.??"]
[Round "?"]
[White "Tomes, Zdenek"]
[Black "Vlacil, Vladimir"]
[Result "1/2-1/2"]
[WhiteElo "1890"]
[BlackElo "1985"]
[PlyCount "33"]
[EventDate "1997.??.??"]
[Source "ChessBase"]
[SourceDate "1997.11.17"]

1. e4 c6 2. d4 d5 3. Nc3 dxe4 4. Nxe4 Nd7 5. Nf3 Ngf6 6. Ng3 e6 7. Bd3 Be7 8.
O-O c5 9. Qe2 O-O 10. c3 cxd4 11. Nxd4 Nc5 12. Bb1 a6 13. Bg5 Qc7 14. a4 h6 15.
Bxf6 Bxf6 16. Nh5 Qe5 17. Re1 1/2-1/2

[Event "Znojmo op-A"]
[Site "Znojmo"]
[Date "1997.??.??"]
[Round "?"]
[White "Vecera, Pavel"]
[Black "Adam, Petr"]
[Result "0-1"]
[WhiteElo "2160"]
[BlackElo "2100"]
[PlyCount "52"]
[EventDate "1997.??.??"]
[Source "ChessBase"]
[SourceDate "1997.11.17"]

1. e4 c5 2. Nc3 Nc6 3. f4 g6 4. Nf3 Bg7 5. Bb5 Nd4 6. Bc4 e6 7. O-O Ne7 8. Nxd4
cxd4 9. Ne2 O-O 10. d3 d5 11. Bb3 dxe4 12. dxe4 Qb6 13. Kh1 Bd7 14. Ng3 Rad8
15. f5 exf5 16. Bg5 Rde8 17. Bxe7 Rxe7 18. exf5 Re3 19. Qg4 a5 20. Rf2 a4 21.
Bc4 d3 22. cxd3 a3 23. Qg5 axb2 24. Rb1 Re1+ 25. Rxe1 Qxf2 26. Qe7 Bc6 0-1

[Event "Znojmo op-A"]
[Site "Znojmo"]
[Date "1997.??.??"]
[Round "?"]
[White "Vecera, Pavel"]
[Black "Masek, Jan"]
[Result "1-0"]
[WhiteElo "2160"]
[BlackElo "1940"]
[PlyCount "53"]
[EventDate "1997.??.??"]
[Source "ChessBase"]
[SourceDate "1997.11.17"]

1. e4 e5 2. Nf3 Nc6 3. Bb5 a6 4. Ba4 Nf6 5. d3 d6 6. c3 Be7 7. Nbd2 O-O 8. Nf1
b5 9. Bc2 d5 10. Qe2 dxe4 11. dxe4 Qd6 12. Ne3 Nh5 13. Nd5 Bd8 14. O-O Qg6 15.
Kh1 f5 16. a4 Rb8 17. axb5 axb5 18. exf5 Bxf5 19. Bb3 Kh8 20. Nxe5 Nxe5 21.
Qxe5 Be4 22. f3 Re8 23. fxe4 Bf6 24. Qf5 Rxe4 25. Qxg6 hxg6 26. Nxf6 gxf6 27.
Bc2 1-0

[Event "Znojmo op-A"]
[Site "Znojmo"]
[Date "1997.??.??"]
[Round "?"]
[White "Vecera, Pavel"]
[Black "Tomes, Zdenek"]
[Result "1-0"]
[WhiteElo "2160"]
[BlackElo "1890"]
[PlyCount "105"]
[EventDate "1997.??.??"]
[Source "ChessBase"]
[SourceDate "1997.11.17"]

1. d4 Nf6 2. Nf3 g6 3. Bg5 Bg7 4. Nbd2 O-O 5. e4 d6 6. Bd3 Nbd7 7. O-O e5 8. c3
c6 9. Nc4 Qc7 10. a4 a5 11. Qd2 Re8 12. dxe5 Nxe5 13. Nfxe5 dxe5 14. Rad1 Be6
15. Qe3 Nd7 16. Be2 Bf8 17. Qd2 Nc5 18. Qc2 f5 19. Bf6 Nd7 20. Bh4 b5 21. axb5
cxb5 22. Ne3 Nc5 23. exf5 Bb3 24. Qb1 Bxd1 25. Rxd1 Qc6 26. Nd5 Nd7 27. fxg6
hxg6 28. Bg4 Kf7 29. Qe4 Ra7 30. Rd3 Bh6 31. Bh5 Nc5 32. Qf3+ Bf4 33. Nxf4 Qxf3
34. Bxg6+ Kg7 35. Rxf3 Rh8 36. Bf5 Rxh4 37. Nd5 Ra4 38. h3 Ra1+ 39. Kh2 Rd1 40.
Rg3+ Kf7 41. Ne3 Rd2 42. Ng4 Rxb2 43. Nh6+ Ke8 44. Rg8+ Ke7 45. Rg7+ Kd6 46.
Rxa7 a4 47. Ng4 Rb3 48. h4 a3 49. h5 Na4 50. h6 Kc6 51. Be4+ Kb6 52. Rb7+ Ka6
53. h7 1-0

[Event "Znojmo op-A"]
[Site "Znojmo"]
[Date "1997.??.??"]
[Round "?"]
[White "Vesely, Martin"]
[Black "Amerling, Miroslav"]
[Result "0-1"]
[WhiteElo "1860"]
[BlackElo "2005"]
[PlyCount "74"]
[EventDate "1997.??.??"]
[Source "ChessBase"]
[SourceDate "1997.11.17"]

1. d4 Nf6 2. Nf3 c5 3. d5 g6 4. c4 b5 5. cxb5 a6 6. bxa6 Bxa6 7. Nc3 d6 8. e4
Bxf1 9. Kxf1 Bg7 10. g3 O-O 11. Kg2 Nbd7 12. Qc2 Qa5 13. Bd2 Rfb8 14. a4 Qb4
15. Rab1 Ng4 16. b3 Qb6 17. h3 Ngf6 18. Nb5 Rc8 19. Bc3 Nb8 20. Nd2 Ne8 21. Nc4
Qd8 22. Bxg7 Kxg7 23. Rhe1 Kg8 24. Rbd1 Na6 25. Nca3 Nec7 26. Qc4 Nxb5 27. Nxb5
Nc7 28. Nxc7 Rxc7 29. Re3 Rb7 30. Qc2 Rb4 31. f4 Qb6 32. Kf3 Rb8 33. Rdd3 Qa6
34. Rc3 Qf1+ 35. Kg4 f6 36. Rf3 Qh1 37. Kh4 h5 0-1

[Event "Znojmo op-A"]
[Site "Znojmo"]
[Date "1997.??.??"]
[Round "?"]
[White "Vesely, Martin"]
[Black "Dolezal, Jiri"]
[Result "1-0"]
[WhiteElo "1860"]
[BlackElo "1820"]
[PlyCount "59"]
[EventDate "1997.??.??"]
[Source "ChessBase"]
[SourceDate "1997.11.17"]

1. d4 Nf6 2. Nf3 e6 3. Bg5 d5 4. e3 Nbd7 5. Bd3 a6 6. Nbd2 Be7 7. O-O O-O 8.
Ne5 c5 9. c3 c4 10. Bc2 Ne8 11. Bxe7 Qxe7 12. f4 f5 13. g4 Qh4 14. gxf5 exf5
15. Ndf3 Qh3 16. Qe2 Ndf6 17. Ng5 Qh5 18. Qg2 Nd6 19. Rf3 Qe8 20. Rg3 Qd7 21.
Kh1 Nde4 22. Nxe4 fxe4 23. Rg1 Nh5 24. Rg5 Rf5 25. Bd1 Rxg5 26. fxg5 Qe8 27. g6
hxg6 28. Nxg6 Nf6 29. Qg5 Qf7 30. Qh4 1-0

[Event "Znojmo op-A"]
[Site "Znojmo"]
[Date "1997.??.??"]
[Round "?"]
[White "Vesely, Martin"]
[Black "Obrdlik, Rostislav"]
[Result "1-0"]
[WhiteElo "1860"]
[BlackElo "1970"]
[PlyCount "69"]
[EventDate "1997.??.??"]
[Source "ChessBase"]
[SourceDate "1997.11.17"]

1. d4 e6 2. Nf3 f5 3. Bg5 Nf6 4. e3 b6 5. Ne5 Be7 6. Qf3 c6 7. Nd2 Bb7 8. h4 d6
9. Nd3 Qd7 10. Be2 Na6 11. O-O-O O-O-O 12. Nf4 c5 13. Bxa6 Bxa6 14. Qa8+ Kc7
15. Qxa7+ Bb7 16. dxc5 bxc5 17. Qa5+ Kb8 18. Nc4 Ng4 19. Rhf1 e5 20. Nb6 Qe8
21. Bxe7 Qxe7 22. Nfd5 Qf7 23. Rd3 Nf6 24. c4 Nxd5 25. cxd5 Rhe8 26. Ra3 Re7
27. Qa7+ Kc7 28. Rd1 e4 29. Nc4 Kc8 30. Rb3 Qf6 31. Rb6 Rdd7 32. Rc6+ Rc7 33.
Nb6+ Kd8 34. Qb8+ Bc8 35. Qxc8+ 1-0